ბათუმის შოთა რუსთაველის სახელმწიფო უნივერსიტეტის ბიბლიოთეკა

საქართველოს ძველი ციხესიმაგრეები / (ბიბ.ჩანაწერი № 56780)

000 -ლიდერი
ფიქსირებული სიგრძის საკონტროლო ველი 00882nam a22001937a 4500
003 - საკონტროლო ნომრის იდენტიფიკატორი
საკონტროლო ველი Ge_BSU
005 - ბოლო ოპერაციის თარიღი და დრო
საკონტროლო ველი 20230615104043.0
008 - ფიქსირებული სიგრძის მონაცემთა ელემენტები - ზოგადი ინფორმაცია
ფიქსირებული სიგრძის საკონტროლო ველი 190420s1988 ge ||||| |||| 00| 0 geo d
041 ## - ენის კოდი
Language code of text/sound track or separate title geo
080 ## - უნივერსალური ათობითი კლასიფიკაციის ინდექსი
Universal Decimal Classification number 725.1725.1:623.1(479.22) ზ-69
100 ## - მთავარი ჩანაწერი - პიროვნების სახელი
Personal name ზაქარაია ,პ.
9 (RLIN) 304
245 ## - ცნობა სათაურის შესახებ
Title საქართველოს ძველი ციხესიმაგრეები /
Statement of responsibility, etc პ. ზაქარაია, რედ. მ.დანელია.
264 ## - წარმოების, გამოცემის, დისტრიბუციის და სხვა ცნობები
გამოცემის, წარმოების, დისტრიბუციის... ადგილი თბილისი . ;
გამოცემის, წარმოების, დისტრიბუციის... სახელწოდება საბჭოთა საქართველო ,
გამოცემის, წარმოების, დისტრიბუციის... თარიღი 1988.
300 ## - ფიზიკური აღწერა
Extent 180 გვ . :
Other physical details ილ ;
Dimensions 22 სმ.
653 ## - INDEX TERM--UNCONTROLLED
Uncontrolled term ხელოვნებათმცოდნეობა
653 ## - INDEX TERM--UNCONTROLLED
Uncontrolled term ხუროთმოძღვრება
700 ## - ADDED ENTRY--PERSONAL NAME
Personal name ზაქარაია, პ.
Relator term მ. დანელია
-- რედაქტორი
9 (RLIN) 305
942 ## - ADDED ENTRY ELEMENTS (KOHA)
Source of classification or shelving scheme
Koha item type წიგნი
ეგზემპლარები
ჩამოწერის სტატუსი დაკარგული ეგზემპლარის სტატუსი კლასიფიკაციის წყარო ან თაროზე გაწყობის სქემა დაზიანების სტატუსი არ გაიცემა მუდმივი მდებარეობა (დაცვის ადგილი) ამჟამინდელი ადგილსამყოფელი თაროზე განთავსების ადგილი შეძენის თარიღი ღირებულება, შესყიდვის ნორმალური ფასი სრული შენახვის შიფრი შტრიხკოდი ბოლო ოპერაციის თარიღი ეგზემპლარის მიმდევრობითი ნომერი (კეტერი?) Uniform Resource Identifier ფასის ძალაში შესვლის თარიღი ეგზემპლარის სახეობა საჯარო შენიშვნა
          ბათუმის შოთა რუსთაველის სახელმწიფო უნივერსიტეტის მთავარი ბიბლიოთეკა ბათუმის შოთა რუსთაველის სახელმწიფო უნივერსიტეტის მთავარი ბიბლიოთეკა წიგნსაცავი 2019-04-24 5.00 725.1725.1:623.1(479.22) ზ-69 64668 2019-04-24 64668 ბსუ-ს საპატიო დოქტორის გურამ ლორთქიფანიძის საჩუქარი 2019-04-24 წიგნი 5 ლ.
          ბათუმის შოთა რუსთაველის სახელმწიფო უნივერსიტეტის მთავარი ბიბლიოთეკა ბათუმის შოთა რუსთაველის სახელმწიფო უნივერსიტეტის მთავარი ბიბლიოთეკა წიგნსაცავი 2023-06-15 5.00 725.1725.1:623.1(479.22) ზ-69 28239 2023-06-15 28239   2023-06-15 წიგნი 5.00